Famous historical figures - Statistics

General Stats
  • This quiz has been taken 127 times
  • The average score is 14 of 15
Answer Stats
Hint Answer % Correct
Queen of England Elizabeth I
97%
Leader of the German Third Reich Adolf Hitler
96%
Explorer Cristopher Columbus
96%
Nun Mother Teresa
96%
Former King of the UK Henry VIII
95%
Former president of South Africa Nelson Mandela
95%
Author of Oliver Twist Charles Dickens
94%
First president of the United States George Washington
94%
Founder of Christianity Jesus
94%
Founder of Islam Mohammed
94%
French military leader Napoleon
94%
English playwright William Shakespeare
91%
Former king of Macedonia Alexander the Great
90%
16th president of the United States Abraham Lincoln
89%
Third president of the United States Thomas Jefferson
89%
No matching quizzes found
Score Distribution
Percent of People with Each Score
Percentile by Number Answered
Your Score History
You have not taken this quiz